000 00673cam a22002411 4500
001 ne 64000644
003 DLC
005 20260227111756.0
008 890619s1961 xx 000 0 arar
010 _ane 64000644
035 _a(OCoLC)23484390
040 _aDLC
_cMiU
_dDLC
042 _apremarc
043 _aa-sy---
_af-ua---
050 0 0 _aDT82.5.S9
_bN35
100 1 _aNasser, Gamal Abdel,
_d1918-1970.
245 1 0 _aBayānāt al-Raʼīs Jamāl ʻAbd al-Nāṣir ʻan al-tamarrud.
260 _a[n. p.]
_c[1961]
300 _a54 p.
_c20 cm.
500 _aRomanized.
651 0 _aEgypt
_xForeign relations
_zSyria.
651 0 _aSyria
_xForeign relations
_zEgypt.
999 _c46789
_d46789